Problemas actuales del pueblo vasco (Record no. 4514)

MARC details
000 -LEADER
campo de control de longitud fija 01142njm a2200265 i 4500
001 - NÚMERO DE CONTROL
campo de control 4514
003 - IDENTIFICADOR DE NÚMERO DE CONTROL
campo de control ES-MaACL
005 - FECHA Y HORA DE LA ÚLTIMA TRANSACCIÓN
campo de control 20240619063035.0
007 - CAMPO FIJO DE DESCRIPCIÓN FÍSICA--INFORMACIÓN GENERAL
campo de control de longitud fija s|r|||||||||||
008 - DATOS DE LONGITUD FIJA--INFORMACIÓN GENERAL
campo de control de longitud fija 041125s1981 sp ||| g ||||||||1|nspa d
100 1# - ENTRADA PRINCIPAL--NOMBRE DE PERSONA
Nombre de persona Caro Baroja, Julio,
Fechas asociadas al nombre 1914-1995
9 (RLIN) 35403
245 10 - MENCIÓN DEL TÍTULO
Título Problemas actuales del pueblo vasco
Medio [Grabación sonora]
Resto del título : introducción general /
Mención de responsabilidad, etc. interviene Julio Caro Baroja.
260 ## - PUBLICACIÓN, DISTRIBUCIÓN, ETC.
Lugar de publicación, distribución, etc. Madrid :
Nombre del editor, distribuidor, etc. Ateneo de Madrid,
Fecha de publicación, distribución, etc. 1981.
300 ## - DESCRIPCIÓN FÍSICA
Extensión 1 disco (CD-DA) (58 min. 36 seg.) ;
Dimensiones 12 cm.
500 ## - NOTA GENERAL
Nota general Datos basados en invitación.
518 ## - NOTA DE FECHA/HORA Y LUGAR DE UN ACONTECIMIENTO
Nota de fecha/hora y lugar de un acontecimiento Acto organizado por el Ateneo de Madrid en colaboración con la Sociedad de San Miguel de Aralar, grabado en el salón de actos el sábado 14 de marzo de 1981, a las 20:00 h.
610 24 - PUNTO DE ACCESO ADICIONAL DE MATERIA--NOMBRE DE ENTIDAD CORPORATIVA
Nombre de entidad corporativa o nombre de jurisdicción como elemento de entrada Ateneo de Madrid-
Subdivisión general Actos culturales-
Subdivisión cronológica 1981-
Subdivisión de forma Grabaciones sonoras.
9 (RLIN) 1893
650 14 - PUNTO DE ACCESO ADICIONAL DE MATERIA--TÉRMINO DE MATERIA
Término de materia o nombre geográfico como elemento de entrada Vascos-
Subdivisión general Usos y costumbres.
9 (RLIN) 17749
650 14 - PUNTO DE ACCESO ADICIONAL DE MATERIA--TÉRMINO DE MATERIA
Término de materia o nombre geográfico como elemento de entrada Identidad cultural-
Subdivisión geográfica País Vasco.
9 (RLIN) 13540
710 2# - ENTRADA AGREGADA--NOMBRE DE ENTIDAD CORPORATIVA
Nombre de entidad corporativa o nombre de jurisdicción como elemento de entrada Ateneo de Madrid.
9 (RLIN) 1875
710 2# - ENTRADA AGREGADA--NOMBRE DE ENTIDAD CORPORATIVA
Nombre de entidad corporativa o nombre de jurisdicción como elemento de entrada Sociedad de San Miguel de Aralar.
9 (RLIN) 6692
852 ## - LOCALIZACIÓN
Ubicación ES-MaACL
Número de control de estantería ROT 4/5/35
itemnumber 4631
Ubicación en estantería Rotativo
942 ## - ELEMENTOS DE ENTRADA SECUNDARIOS (KOHA)
Fuente del sistema de clasificación o colocación Clasificación decimal universal
Holdings
Estatus retirado Estado de pérdida Fuente del sistema de clasificación o colocación Estado de daño No para préstamo Colección Biblioteca de origen Biblioteca actual Ubicación en estantería Fecha de adquisición Total de préstamos Signatura topográfica completa Código de barras Visto por última vez Precio de reemplazo Tipo de ítem Koha
    Clasificación decimal universal     Archivo de la palabra Biblioteca del Ateneo de Madrid Biblioteca del Ateneo de Madrid Rotativo 17/01/2008   ROT 4/5/35 1004577 23/02/2023 23/02/2023 Archivo de ordenador en CD-ROM, CD o disquete